000 00609cam a22002174a 4500
003 UPN
005 20240418063742.0
008 021007s1999 mx a r 000 0 spa d
020 _a9701702697
035 _aUPN01000119932
040 _aUPN
_bspa
_cUPN
049 _aCG
050 4 _aF1225.5
_bF4.34
100 1 _aFernández Fernández, Iñigo
_943334
245 1 0 _aHistoria de México /
_cIñigo Fernández Fernández.
260 _aMéxico :
_bPearson Educación,
_cc1999.
300 _a349 p. :
_bil.
651 4 _aMéxico
_xHistoria
_xEstudio y enseñanza
_99911
905 _aLibro
942 _2lcc
_cLIBRO
999 _c92282
_d92282